000 00584nam a2200205 a 4500
005 20241004063723.0
008 010608s1989 r 000 0 eng d
020 _a843680449X
035 _aUPN01000107822
049 _aCG
050 4 _aBF39
_bJ3.3
100 1 _aJáñez Escalada, Luis
245 1 0 _aFundamentos de psicología matemática /
_cLuis Jáñez Escalada.
260 _aMadrid :
_bPirámide,
_c1989.
300 _a428 p. :
_bil.
440 0 _aPsicologia.
_pPsicometría
650 4 _aPsicometría
_99969
650 4 _aPSICOLOGIA -
_xMODELOS MATEMATICOS
905 _aLibro
999 _c81734
_d81734